01266 2200289 4500001002100000005001500021035002000036007000300056008004100059020001500100020001800115082001300133084001900146100003100165245011400196250002000310300003800330650002000368700003600388700003100424520039500455264003600850336002100886337003000907338002300937990001600960INLIS00000000000073420260511032200 a0010-0526000190ta260511 d f ind  a6022495253 a9786022495253 a899.2213 a899.2213 SRI m0 aSri WidiyastutiePengarang1 aMisteri chiroptera penculik /cSri Widiyastuti ; penyunting, Deesis Edit Mesiani ; ilustrator, Rendi Arrahman acetakan pertama a170 halaman :bilustrasi ;c19 cm 4aFiksi Indonesia0 aDeesis Edit MesianiePenyunting0 aRendi ArrahmaneIlustrator aBuku ini mengisahkan petualangan penuh misteri yang melibatkan chiroptera atau kelelawar dalam sebuah kasus penculikan. Tokoh-tokoh dalam cerita berusaha mengungkap berbagai kejadian aneh dan menegangkan melalui penyelidikan serta petualangan yang penuh tantangan. Dengan alur yang menarik dan penuh teka-teki, buku ini menghadirkan cerita yang menghibur sekaligus menegangkan bagi pembaca. aJakarta :bBhuana Sastra,c2014 2rdacontentateks 2rdamediaatanpa perantara 2rdacarrieravolume aPP001444/19